00776nam a2200157 a 450000100060000000300090000600800410001502000150005604000280007108200140009924500530011326000440016630000290021050003400023965000390057914076CO-ViMGA141112s2004 ck r 000 u spa d a8449406234 aCO-ViMGAbspacCO-ViMGA aR465 E52410aEnciclopedia audiovisual educativa : bgramatica aBarcelona : bOceano Multimedia, c1997 a2 tomos, 2 video casetes aV.1 : Evolucion de la linguistica, formacion del español, lenguaje, lengua y habla, lexico, fonética, morfologia. V. 2 : Las clases de palabras, el determinante, morfologia del verbo, la oracion gramatical, lengua hablada y lengua escrita, la obra literaria, ortografia, los signos de puntuacion. Incluye : 2 videos y libro guia. 14aGRAMATICA ESPAÑOLA - ENSEÑANZA